000 00566nam a2200229Ia 4500
003 OSt
005 20220928135059.0
006 a|||||r|||| 00| 0
007 ta
008 220927b |||||||| |||| 00| 0 eng d
024 _a644
037 _cTextual
040 _aSDCL
_cSDCL
_beng
041 _2eng
_aeng
082 _aX:15, M9
100 _aAlbin Francis M
_9489316
245 0 _aConsumer economics and personal money management
250 _a2
260 _c1989
942 _hX:15, M9
_cTEXL
_2CC
999 _c804602
_d804602